[Event "Madrid ch Veteranos 2010-2011"]
[Site "Madrid ESP"]
[Date "2011.02.09"]
[Round "3.5"]
[White "Lorite Cruz, Francisco"]
[Black "Perez Cameselle, Francisco"]
[Result "0-1"]
[WhiteElo "2095"]
[BlackElo "1904"]
[PlyCount "76"]
[EventDate "2011.02.07"]
[EventType "swiss"]
[EventRounds "9"]
[EventCountry "ESP"]
[Source "lmi"]
[SourceDate "2011.02.07"]

1. e4 g6 2. d4 d6 3. Nc3 Bg7 4. Be3 Nf6 5. f3 O-O 6. Qd2 e5 7. Nge2 exd4 8.
Nxd4 Nc6 9. Nxc6 bxc6 10. Bc4 Be6 11. Bb3 Nd7 12. h4 Ne5 13. h5 Nc4 14. Bxc4
Bxc4 15. Bd4 Bxd4 16. Qxd4 Be6 17. h6 f6 18. O-O-O Qb8 19. b3 Qb6 20. Qd2 a5
21. Qd4 c5 22. Qa4 Qb4 23. Kb2 Qxa4 24. Nxa4 c4 25. Kc3 cxb3 26. axb3 Ra6 27.
Ra1 Rc6+ 28. Kd2 f5 29. Nc3 fxe4 30. Nxe4 Rf5 31. Nc3 Rfc5 32. Rhe1 Kf7 33. Ne4
Rxc2+ 34. Kd3 Rxg2 35. Rxa5 Bf5 36. Kd4 Bxe4 37. Rxe4 Rh2 38. Kd5 Rc5+ 0-1

[Event "Madrid ch Veteranos 2010-2011"]
[Site "Madrid ESP"]
[Date "2011.02.09"]
[Round "3.6"]
[White "Minguela Munoz, Bienvenido"]
[Black "Cabanas Bravo, Juan Andres"]
[Result "0-1"]
[WhiteElo "1902"]
[BlackElo "2059"]
[PlyCount "82"]
[EventDate "2011.02.07"]
[EventType "swiss"]
[EventRounds "9"]
[EventCountry "ESP"]
[Source "lmi"]
[SourceDate "2011.02.07"]

1. d4 Nf6 2. Nf3 g6 3. g3 Bg7 4. Bg2 O-O 5. O-O d5 6. c4 dxc4 7. Nc3 Nbd7 8. e4
Nb6 9. h3 Be6 10. Ng5 Bc8 11. e5 Nfd5 12. e6 Bxe6 13. Nxe6 fxe6 14. Qe2 Qd7 15.
h4 Bxd4 16. Bh3 Qd6 17. Bxe6+ Kh8 18. Qg4 Nxc3 19. bxc3 Bxc3 20. Rb1 Qd4 21.
Bf4 Qc5 22. Be3 Qc6 23. Bd4+ Bxd4 24. Qxd4+ Rf6 25. Bh3 Qd6 26. Qc3 Qd3 27. Qe5
Qd6 28. Qc3 Kg8 29. Rbd1 Qc5 30. Bg2 c6 31. Rd4 Raf8 32. Bh3 e5 33. Rd2 Rf3 34.
Be6+ Kg7 35. Qc2 Rxg3+ 36. Kh2 Rgf3 37. Bg4 R3f4 38. Kh3 c3 39. h5 Rxg4 40.
Kxg4 Qc4+ 41. Kh3 cxd2 0-1

[Event "Madrid ch Veteranos 2010-2011"]
[Site "Madrid ESP"]
[Date "2011.02.09"]
[Round "3.7"]
[White "Alvarez Escudero, Manuel"]
[Black "Rodriguez Perez, Rene"]
[Result "0-1"]
[WhiteElo "1827"]
[BlackElo "2022"]
[PlyCount "94"]
[EventDate "2011.02.07"]
[EventType "swiss"]
[EventRounds "9"]
[EventCountry "ESP"]
[Source "lmi"]
[SourceDate "2011.02.07"]

1. e4 e6 2. d4 d5 3. exd5 exd5 4. h3 Nf6 5. Nf3 Bf5 6. Bd3 Bxd3 7. Qxd3 c6 8.
O-O Be7 9. Re1 O-O 10. Bg5 Re8 11. Nbd2 Nbd7 12. Ne5 Nxe5 13. Rxe5 Nd7 14. Rxe7
Rxe7 15. Bxe7 Qxe7 16. Nf3 Nf6 17. Re1 Qd6 18. a3 Ne4 19. Nd2 Ng5 20. Nf3 Ne6
21. Qf5 g6 22. Qf6 Qd8 23. Qe5 Qe7 24. h4 h6 25. c3 Re8 26. Qe3 Kg7 27. Qe5+ f6
28. Qg3 h5 29. Kf1 Qd7 30. Re3 Nc7 31. Qf4 Rxe3 32. fxe3 Nb5 33. e4 dxe4 34.
Qxe4 Nd6 35. Qe2 Nf5 36. Kf2 Kf7 37. Kg1 Qd6 38. Qc4+ Kg7 39. Qe2 a6 40. Qe8
Qd5 41. Qc8 Qf7 42. c4 Nd6 43. Qh3 Nxc4 44. g4 Qe6 45. Qg3 Qxg4 46. Qxg4 hxg4
47. Nh2 f5 0-1

[Event "Madrid ch Veteranos 2010-2011"]
[Site "Madrid ESP"]
[Date "2011.02.09"]
[Round "3.8"]
[White "Garcia-Ines Sanchez, Gustavo"]
[Black "Fernandez Garcia, Ignacio"]
[Result "0-1"]
[WhiteElo "1611"]
[BlackElo "1931"]
[PlyCount "68"]
[EventDate "2011.02.07"]
[EventType "swiss"]
[EventRounds "9"]
[EventCountry "ESP"]
[Source "lmi"]
[SourceDate "2011.02.07"]

1. e4 g6 2. Nf3 d6 3. Nc3 Nf6 4. d4 Bg7 5. Bg5 O-O 6. h3 c6 7. Qd2 Re8 8. O-O-O
b5 9. Bh6 Bh8 10. e5 b4 11. exf6 bxc3 12. Qxc3 exf6 13. g4 Be6 14. Bc4 d5 15.
Bd3 a5 16. g5 Na6 17. Bxa6 Rxa6 18. gxf6 Bxf6 19. Ne5 Qc7 20. f4 Rb6 21. a4
Reb8 22. b3 Bf5 23. Rhe1 Be4 24. Rg1 Qd6 25. Qc5 Qe6 26. Bg5 Bxg5 27. fxg5 Qxh3
28. Nd7 Qxd7 29. Rdf1 R6b7 30. Rf6 Qh3 31. Re1 Qh4 32. Rg1 Qh3 33. Rxc6 Qe3+
34. Kb2 Qxg1 0-1

[Event "Madrid ch Veteranos 2010-2011"]
[Site "Madrid ESP"]
[Date "2011.02.09"]
[Round "3.9"]
[White "Ortega Morales, Pedro"]
[Black "Martinez Miura, Enrique"]
[Result "1-0"]
[WhiteElo "1819"]
[BlackElo "1691"]
[PlyCount "39"]
[EventDate "2011.02.07"]
[EventType "swiss"]
[EventRounds "9"]
[EventCountry "ESP"]
[Source "lmi"]
[SourceDate "2011.02.07"]

1. d4 e6 2. Bf4 d5 3. Nf3 c5 4. e3 Nf6 5. c3 cxd4 6. exd4 Be7 7. Ne5 O-O 8. Bd3
Nbd7 9. Nd2 Nxe5 10. dxe5 Nd7 11. h4 Nc5 12. Bc2 d4 13. Ne4 Nxe4 14. Bxe4 dxc3
15. bxc3 Qc7 16. Qc2 g6 17. h5 Bc5 18. Bg3 Kg7 19. Qc1 Bd7 20. hxg6 1-0

[Event "Madrid ch Veteranos 2010-2011"]
[Site "Madrid ESP"]
[Date "2011.02.09"]
[Round "3.10"]
[White "Perez Cristobal, Alberto"]
[Black "Ciuro Munoz, Ricardo"]
[Result "0-1"]
[WhiteElo "1790"]
[BlackElo "2169"]
[PlyCount "54"]
[EventDate "2011.02.07"]
[EventType "swiss"]
[EventRounds "9"]
[EventCountry "ESP"]
[Source "lmi"]
[SourceDate "2011.02.07"]

1. e4 e6 2. d4 d5 3. exd5 exd5 4. Ne2 Bg4 5. Nd2 Bd6 6. h3 Bh5 7. g4 Bg6 8. Bg2
h5 9. Nf3 hxg4 10. hxg4 Rxh1+ 11. Bxh1 Qd7 12. Ne5 Bxe5 13. dxe5 Ne7 14. Nf4
Nbc6 15. Nxg6 Nxg6 16. f4 O-O-O 17. Bd2 f6 18. Qe2 fxe5 19. fxe5 Nd4 20. Qd3
Qxg4 21. Be3 Nf3+ 22. Bxf3 Qxf3 23. Bd4 Qg4 24. c3 Rh8 25. Qf1 Qe4+ 26. Kd2
Rh2+ 27. Kc1 Qc2# 0-1

[Event "Madrid ch Veteranos 2010-2011"]
[Site "Madrid ESP"]
[Date "2011.02.10"]
[Round "4.2"]
[White "Cabanas Bravo, Juan Andres"]
[Black "Estrada Martinez, Cesar"]
[Result "0-1"]
[WhiteElo "2059"]
[BlackElo "2167"]
[PlyCount "74"]
[EventDate "2011.02.07"]
[EventType "swiss"]
[EventRounds "9"]
[EventCountry "ESP"]
[Source "lmi"]
[SourceDate "2011.02.07"]

1. e4 c6 2. Nc3 d5 3. d4 g6 4. Nf3 Bg7 5. h3 dxe4 6. Nxe4 Nd7 7. Bc4 Ndf6 8.
Neg5 Nh6 9. Ne5 O-O 10. Bb3 e6 11. g4 Nd5 12. c4 f6 13. cxd5 exd5 14. Nxh7 Kxh7
15. Nf3 Re8+ 16. Kf1 Nf7 17. Bf4 Nd6 18. Bxd6 Qxd6 19. Qd3 Qf4 20. Bc2 f5 21.
Rg1 Kg8 22. Rg3 Bd7 23. Rd1 Qh6 24. g5 Qh5 25. Qd2 Re4 26. Bxe4 fxe4 27. Ng1
Rf8 28. Qe2 Qh4 29. Kg2 Qf4 30. Qd2 Qf5 31. Rb3 c5 32. Rxb7 Bxd4 33. Rxa7 Be6
34. Ra3 Bxf2 35. Rg3 d4 36. Qe2 Bxg3 37. Kxg3 Qf4+ 0-1

[Event "Madrid ch Veteranos 2010-2011"]
[Site "Madrid ESP"]
[Date "2011.02.10"]
[Round "4.3"]
[White "Perez Cameselle, Francisco"]
[Black "Ortiz Herranz, Eleazar"]
[Result "0-1"]
[WhiteElo "1904"]
[BlackElo "2243"]
[PlyCount "88"]
[EventDate "2011.02.07"]
[EventType "swiss"]
[EventRounds "9"]
[EventCountry "ESP"]
[Source "lmi"]
[SourceDate "2011.02.07"]

1. e4 c5 2. d3 Nc6 3. Nf3 g6 4. g3 Bg7 5. Bg2 e6 6. O-O Nge7 7. Nbd2 O-O 8. c3
d6 9. Qe2 b6 10. Ne1 Rb8 11. f4 Qc7 12. Ndf3 h6 13. Be3 f5 14. exf5 gxf5 15.
Qd2 Ba6 16. Nc2 Nd5 17. Rfe1 Rbe8 18. Bf2 Bb7 19. Re2 Nd8 20. Rae1 Nf6 21. Ne3
Bc6 22. h3 Qb7 23. Nh4 Bxg2 24. Nhxg2 Qd7 25. Nh4 Kf7 26. Kh2 h5 27. Nf3 Nh7
28. Qc2 Qc6 29. Nh4 Nf6 30. Qb3 d5 31. Nf3 Nh7 32. Ne5+ Bxe5 33. fxe5 Ng5 34.
Rf1 d4 35. Ng2 h4 36. Nxh4 Rh8 37. g4 Nf3+ 38. Kg3 Nxh4 39. Bg1 Reg8 40. cxd4
Ke8 41. dxc5 bxc5 42. Rc2 fxg4 43. hxg4 Nf5+ 44. Kf4 Rh4 0-1

[Event "Madrid ch Veteranos 2010-2011"]
[Site "Madrid ESP"]
[Date "2011.02.10"]
[Round "4.4"]
[White "Fernandez Garcia, Ignacio"]
[Black "De Paz Nistal, Santiago"]
[Result "1-0"]
[WhiteElo "1931"]
[BlackElo "2025"]
[PlyCount "41"]
[EventDate "2011.02.07"]
[EventType "swiss"]
[EventRounds "9"]
[EventCountry "ESP"]
[Source "lmi"]
[SourceDate "2011.02.07"]

1. d4 Nf6 2. Nf3 e6 3. Nbd2 b6 4. e4 d6 5. Bd3 Bb7 6. O-O Be7 7. Re1 O-O 8. Nf1
c5 9. c3 Qc7 10. Ng3 Rd8 11. Qe2 a5 12. e5 Nfd7 13. Ng5 Nf8 14. Nh5 dxe5 15.
Qg4 Ng6 16. Bxg6 hxg6 17. Nxe6 Qc8 18. Rxe5 Bf6 19. Nxf6+ gxf6 20. Qh4 Re8 21.
Rh5 1-0

[Event "Madrid ch Veteranos 2010-2011"]
[Site "Madrid ESP"]
[Date "2011.02.10"]
[Round "4.5"]
[White "Rodriguez Perez, Rene"]
[Black "Ortega Morales, Pedro"]
[Result "1-0"]
[WhiteElo "2022"]
[BlackElo "1819"]
[PlyCount "95"]
[EventDate "2011.02.07"]
[EventType "swiss"]
[EventRounds "9"]
[EventCountry "ESP"]
[Source "lmi"]
[SourceDate "2011.02.07"]

1. e4 e5 2. Nf3 Nc6 3. d4 exd4 4. Nxd4 Bc5 5. c3 Qf6 6. Nf3 Nge7 7. Be2 O-O 8.
O-O h6 9. Qd3 Ng6 10. a4 a5 11. Be3 Qd6 12. Bxc5 Qxc5 13. Bd1 b6 14. Nd4 Ba6
15. Nb5 Nge5 16. Qd5 Rab8 17. Re1 Rfc8 18. Be2 Bxb5 19. Qxc5 bxc5 20. axb5 Ne7
21. Rxa5 Rb6 22. c4 c6 23. Nc3 cxb5 24. cxb5 N5g6 25. g3 Nf8 26. Nd5 Nxd5 27.
exd5 d6 28. Ra6 Rcb8 29. Rxb6 Rxb6 30. f4 Nd7 31. Bc4 Kf8 32. Ra1 Rb7 33. Ra8+
Ke7 34. b3 Nf6 35. Kg2 Ne4 36. Kf3 f5 37. h3 h5 38. g4 Nd2+ 39. Kg3 fxg4 40.
hxg4 hxg4 41. Kxg4 Ne4 42. Kf5 Nc3 43. Kg6 Nxb5 44. Rg8 Rb6 45. Rxg7+ Kf8 46.
f5 Nd4 47. f6 Rb8 48. Rh7 1-0

[Event "Madrid ch Veteranos 2010-2011"]
[Site "Madrid ESP"]
[Date "2011.02.10"]
[Round "4.6"]
[White "Ciuro Munoz, Ricardo"]
[Black "Osorio Ramos, Francisco"]
[Result "1-0"]
[WhiteElo "2169"]
[BlackElo "1876"]
[PlyCount "71"]
[EventDate "2011.02.07"]
[EventType "swiss"]
[EventRounds "9"]
[EventCountry "ESP"]
[Source "lmi"]
[SourceDate "2011.02.07"]

1. e4 c5 2. Nf3 a6 3. d4 cxd4 4. Nxd4 d6 5. Nc3 Nf6 6. Be3 Ng4 7. Bg5 h6 8. Bh4
g5 9. Bg3 Bg7 10. h3 Ne5 11. Nf5 Bxf5 12. exf5 Nbc6 13. Qd2 Qa5 14. O-O-O Rc8
15. Kb1 Nd7 16. Nd5 Qxd2 17. Rxd2 Nd4 18. f6 Nxf6 19. Rxd4 Nd7 20. Rd2 Rc5 21.
Ne3 Rc6 22. Nf5 Bf6 23. Be2 Nc5 24. Nd4 Rb6 25. Nb3 Ne4 26. Rd5 e6 27. Rd3 d5
28. c3 a5 29. Rf1 h5 30. Bc7 Rc6 31. Bh2 Rb6 32. f3 Ng3 33. Re1 O-O 34. Bg1 Rc6
35. Bd1 Re8 36. Rxd5 1-0

[Event "Madrid ch Veteranos 2010-2011"]
[Site "Madrid ESP"]
[Date "2011.02.10"]
[Round "4.7"]
[White "Leniz Martinez, Francisco"]
[Black "Lorite Cruz, Francisco"]
[Result "1-0"]
[WhiteElo "1828"]
[BlackElo "2095"]
[PlyCount "91"]
[EventDate "2011.02.07"]
[EventType "swiss"]
[EventRounds "9"]
[EventCountry "ESP"]
[Source "lmi"]
[SourceDate "2011.02.07"]

1. Nf3 d6 2. d4 g6 3. g3 Bg7 4. Bg2 Nf6 5. Nc3 c6 6. O-O Qc7 7. h3 O-O 8. e4 e5
9. Be3 Re8 10. dxe5 dxe5 11. Qe2 b6 12. Rfd1 Ba6 13. Qe1 Nbd7 14. Nd2 Bf8 15.
a3 Nc5 16. Bf1 Bb7 17. Bg2 Ne6 18. Nb3 a5 19. Nc1 b5 20. N3e2 Nd7 21. f3 Nb6
22. b3 a4 23. Qf2 c5 24. Bf1 Nd4 25. Nc3 axb3 26. cxb3 b4 27. Nb5 Qd7 28. Ra2
Bc6 29. a4 Qb7 30. Bxd4 cxd4 31. Bd3 Nd7 32. Bc4 Nb6 33. Bd3 Qd7 34. Kh2 Bh6
35. Rc2 Rac8 36. Na2 Be3 37. Qg2 Qe7 38. Re1 Rf8 39. a5 Nd7 40. Na7 Nc5 41.
Nxc8 Rxc8 42. Nxb4 Ba8 43. Na6 Nxd3 44. Rxc8+ Kg7 45. Rxe3 dxe3 46. Rxa8 1-0

[Event "Madrid ch Veteranos 2010-2011"]
[Site "Madrid ESP"]
[Date "2011.02.10"]
[Round "4.8"]
[White "Lopez Heras, Arturo"]
[Black "Beekhof Harmsen, Willen"]
[Result "1-0"]
[WhiteElo "2021"]
[BlackElo "1835"]
[PlyCount "35"]
[EventDate "2011.02.07"]
[EventType "swiss"]
[EventRounds "9"]
[EventCountry "ESP"]
[Source "lmi"]
[SourceDate "2011.02.07"]

1. e4 d6 2. d4 Nf6 3. Nc3 e5 4. Nge2 Nbd7 5. f3 g6 6. Be3 exd4 7. Nxd4 Bg7 8.
Qd2 Nc5 9. O-O-O a6 10. Bh6 O-O 11. g4 Ne6 12. Nf5 Ne8 13. Nxg7 N8xg7 14. h4
Qf6 15. Be2 c6 16. f4 Rd8 17. f5 Nf8 18. Bg5 1-0

[Event "Madrid ch Veteranos 2010-2011"]
[Site "Madrid ESP"]
[Date "2011.02.10"]
[Round "4.9"]
[White "Moragrega Herrero, Juan Jose"]
[Black "Alvarez Escudero, Manuel"]
[Result "1-0"]
[WhiteElo "1970"]
[BlackElo "1827"]
[PlyCount "86"]
[EventDate "2011.02.07"]
[EventType "swiss"]
[EventRounds "9"]
[EventCountry "ESP"]
[Source "lmi"]
[SourceDate "2011.02.07"]

1. d4 d5 2. g3 e6 3. Bg2 Nf6 4. f3 c5 5. e3 cxd4 6. exd4 Nc6 7. c3 Bd6 8. f4
Qc7 9. Nf3 b5 10. b4 a5 11. bxa5 Rxa5 12. Ne5 O-O 13. Bd2 Ra6 14. Bf1 Rb6 15.
a3 Ne4 16. Bd3 Nxd2 17. Qxd2 f6 18. Nxc6 Qxc6 19. O-O Ba6 20. Re1 Re8 21. Qc2
h6 22. Ra2 Qc7 23. Qb3 Qc6 24. Ree2 Bc8 25. Bf5 Kf7 26. Qc2 Re7 27. Bg6+ Kg8
28. Bh5 Bd7 29. Bg4 e5 30. Bxd7 Qxd7 31. fxe5 fxe5 32. dxe5 Bc5+ 33. Kg2 Qc6
34. h3 d4+ 35. Qe4 dxc3 36. Qxc6 Rxc6 37. Nxc3 Bxa3 38. Nxb5 Bb4 39. Rab2 Ba5
40. Nd4 Rc5 41. Rb5 Rxb5 42. Nxb5 Bc7 43. h4 g6 1-0

[Event "Madrid ch Veteranos 2010-2011"]
[Site "Madrid ESP"]
[Date "2011.02.10"]
[Round "4.10"]
[White "Mina Mena, Jesus"]
[Black "Camarero Izquierdo, Juan Carlos"]
[Result "0-1"]
[WhiteElo "1819"]
[BlackElo "1939"]
[PlyCount "68"]
[EventDate "2011.02.07"]
[EventType "swiss"]
[EventRounds "9"]
[EventCountry "ESP"]
[Source "lmi"]
[SourceDate "2011.02.07"]

1. Nf3 c5 2. g3 Nf6 3. Bg2 Nc6 4. d3 d5 5. Nbd2 e5 6. e4 d4 7. O-O Qc7 8. h3 h6
9. a4 Be6 10. b3 Bd6 11. Nh4 g5 12. Nf5 Bxf5 13. exf5 Ne7 14. Ne4 Nxe4 15. Bxe4
O-O-O 16. Bd2 Qd7 17. Qf3 f6 18. Rfb1 h5 19. b4 g4 20. hxg4 hxg4 21. Qxg4 c4
22. dxc4 Rhg8 23. Qf3 Rg7 24. c5 Bb8 25. b5 Rh8 26. Kf1 Qc7 27. Ke2 Qxc5 28.
Bxb7+ Kd8 29. Be4 Nc8 30. Qb3 Nb6 31. Ba5 Rd7 32. Bc6 Rh2 33. Bb4 d3+ 34. Kf3
Rxf2+ 0-1

[Event "Madrid ch Veteranos 2010-2011"]
[Site "Madrid ESP"]
[Date "2011.02.11"]
[Round "5.1"]
[White "Estrada Martinez, Cesar"]
[Black "Casares Ripol, Fernando"]
[Result "1/2-1/2"]
[WhiteElo "2167"]
[BlackElo "2109"]
[PlyCount "62"]
[EventDate "2011.02.07"]
[EventType "swiss"]
[EventRounds "9"]
[EventCountry "ESP"]
[Source "lmi"]
[SourceDate "2011.02.07"]

1. Nf3 f5 2. g3 Nf6 3. c4 e6 4. Bg2 Be7 5. O-O O-O 6. Nc3 d6 7. d4 Qe8 8. Re1
Ne4 9. Qc2 Qg6 10. Bf4 Nc6 11. d5 Nb4 12. Qb3 Na6 13. dxe6 Nac5 14. Qc2 Bxe6
15. Nd4 Nxc3 16. Qxc3 Bf6 17. Rad1 Bd7 18. Qc1 Bxd4 19. Rxd4 Ne6 20. Rdd1 Nxf4
21. Qxf4 Bc6 22. Bd5+ Bxd5 23. Rxd5 Qe6 24. e3 b6 25. Red1 a5 26. R5d4 Rae8 27.
b3 g6 28. h4 Qe5 29. Qf3 Rf7 30. Kg2 Kg7 31. R1d2 h6 1/2-1/2

[Event "Madrid ch Veteranos 2010-2011"]
[Site "Madrid ESP"]
[Date "2011.02.11"]
[Round "5.2"]
[White "Ortiz Herranz, Eleazar"]
[Black "Rodriguez Perez, Rene"]
[Result "1-0"]
[WhiteElo "2243"]
[BlackElo "2022"]
[PlyCount "57"]
[EventDate "2011.02.07"]
[EventType "swiss"]
[EventRounds "9"]
[EventCountry "ESP"]
[Source "lmi"]
[SourceDate "2011.02.07"]

1. e4 e6 2. d4 d5 3. Nc3 Nf6 4. Bg5 Bb4 5. e5 h6 6. Bd2 Bxc3 7. bxc3 Ne4 8. Qg4
Kf8 9. Bc1 c5 10. Bd3 Qa5 11. Ne2 cxd4 12. O-O dxc3 13. Bxe4 dxe4 14. Qxe4 Nc6
15. Rd1 g6 16. Bf4 Ne7 17. Be3 Rb8 18. Qh4 Nd5 19. Rxd5 exd5 20. Qf6 Kg8 21.
Nf4 Bf5 22. e6 Rh7 23. Qe5 Re8 24. Nxd5 b6 25. Nf6+ Kh8 26. Qxa5 bxa5 27. Nxe8
f6 28. Bd4 Rb7 29. Nd6 1-0

[Event "Madrid ch Veteranos 2010-2011"]
[Site "Madrid ESP"]
[Date "2011.02.11"]
[Round "5.3"]
[White "Pastor Alonso De Prado, Emilio Alberto"]
[Black "Fernandez Garcia, Ignacio"]
[Result "1-0"]
[WhiteElo "2176"]
[BlackElo "1931"]
[PlyCount "95"]
[EventDate "2011.02.07"]
[EventType "swiss"]
[EventRounds "9"]
[EventCountry "ESP"]
[Source "lmi"]
[SourceDate "2011.02.07"]

1. e4 d6 2. d4 g6 3. Nf3 Bg7 4. Be2 Nf6 5. Nc3 O-O 6. O-O Nc6 7. h3 Re8 8. Be3
e5 9. d5 Ne7 10. Qd2 c6 11. dxc6 bxc6 12. Rad1 d5 13. Nxe5 Nxe4 14. Nxe4 Bxe5
15. Bg5 f6 16. Bxf6 Qc7 17. Bxe5 Qxe5 18. Nc3 Nf5 19. Rfe1 Qf6 20. Bg4 Ne7 21.
Qd4 Qxd4 22. Rxd4 Bxg4 23. hxg4 g5 24. Ra4 Kf7 25. Ra6 Rab8 26. b3 Rb7 27. f3
Rc7 28. Kf2 Rh8 29. Na4 Rd8 30. Nc5 Rd6 31. c3 Ng6 32. Nd3 Rf6 33. Ne5+ Nxe5
34. Rxe5 h6 35. Ke3 Rd6 36. Kd3 Kf6 37. Re8 Kf7 38. Re1 Kf6 39. b4 h5 40. gxh5
g4 41. fxg4 Kg5 42. Rh1 d4 43. cxd4 Rcd7 44. Kc3 Rxd4 45. Rxc6 Rxg4 46. Rg6+
Kf4 47. Rxg4+ Kxg4 48. h6 1-0

[Event "Madrid ch Veteranos 2010-2011"]
[Site "Madrid ESP"]
[Date "2011.02.11"]
[Round "5.4"]
[White "Perez Cameselle, Francisco"]
[Black "Ciuro Munoz, Ricardo"]
[Result "0-1"]
[WhiteElo "1904"]
[BlackElo "2169"]
[PlyCount "54"]
[EventDate "2011.02.07"]
[EventType "swiss"]
[EventRounds "9"]
[EventCountry "ESP"]
[Source "lmi"]
[SourceDate "2011.02.07"]

1. e4 e6 2. d3 d5 3. Nd2 Nf6 4. Ngf3 Be7 5. g3 O-O 6. Bg2 c5 7. O-O Nc6 8. Qe2
b5 9. exd5 exd5 10. c4 Bg4 11. cxb5 Nd4 12. Qd1 Nxb5 13. Qa4 Qb6 14. Nb3 Rac8
15. Bg5 Be6 16. Rac1 h6 17. Bf4 Nd7 18. h4 Rfd8 19. Rfe1 Bf6 20. Ne5 Bxe5 21.
Bxe5 c4 22. dxc4 dxc4 23. Bf1 cxb3 24. Rxc8 Rxc8 25. Bxb5 Nxe5 26. Rxe5 Rc1+
27. Bf1 bxa2 0-1

[Event "Madrid ch Veteranos 2010-2011"]
[Site "Madrid ESP"]
[Date "2011.02.11"]
[Round "5.5"]
[White "Garcia Gonzalez, Pedro A"]
[Black "Cabanas Bravo, Juan Andres"]
[Result "1/2-1/2"]
[WhiteElo "1879"]
[BlackElo "2059"]
[PlyCount "119"]
[EventDate "2011.02.07"]
[EventType "swiss"]
[EventRounds "9"]
[EventCountry "ESP"]
[Source "lmi"]
[SourceDate "2011.02.07"]

1. d4 Nf6 2. Nf3 g6 3. Nbd2 d5 4. e3 Bg7 5. Bd3 O-O 6. O-O a5 7. Re1 Nc6 8. c3
Bg4 9. h3 Bd7 10. e4 dxe4 11. Nxe4 Nd5 12. Nc5 Bc8 13. Bb5 Na7 14. Bf1 b6 15.
Nd3 Bb7 16. Bg5 h6 17. Bh4 Nc8 18. Qa4 Nd6 19. Nde5 Nf5 20. Bb5 g5 21. Bg3 Nxg3
22. fxg3 Qd6 23. Bc6 Bxc6 24. Qxc6 a4 25. a3 f5 26. Qxd6 exd6 27. Nc6 Rae8 28.
Kf2 Re4 29. Nd2 Rxe1 30. Rxe1 f4 31. Ne7+ Nxe7 32. Rxe7 c5 33. dxc5 bxc5 34.
gxf4 Rxf4+ 35. Ke3 d5 36. Nf3 d4+ 37. cxd4 cxd4+ 38. Kd3 g4 39. hxg4 Rxg4 40.
Ra7 Rxg2 41. Rxa4 Rg3 42. Ke4 d3 43. Ra8+ Kh7 44. Rd8 Bxb2 45. Rxd3 h5 46. Rd7+
Kh6 47. Rd6+ Kg7 48. Rd7+ Kf6 49. Rd6+ Ke7 50. Rh6 Rg4+ 51. Kf5 Bc1 52. Rh7+
Kd6 53. Rd7+ Kxd7 54. Ne5+ Kd6 55. Nxg4 h4 56. Nf2 Be3 57. Nh3 Bd2 58. Kg4 Be1
59. Nf4 Kc6 60. Ng2 1/2-1/2

[Event "Madrid ch Veteranos 2010-2011"]
[Site "Madrid ESP"]
[Date "2011.02.11"]
[Round "5.6"]
[White "Leniz Martinez, Francisco"]
[Black "Lopez Heras, Arturo"]
[Result "1/2-1/2"]
[WhiteElo "1828"]
[BlackElo "2021"]
[PlyCount "87"]
[EventDate "2011.02.07"]
[EventType "swiss"]
[EventRounds "9"]
[EventCountry "ESP"]
[Source "lmi"]
[SourceDate "2011.02.07"]

1. Nf3 Nc6 2. d4 d5 3. Bf4 Nf6 4. h3 e6 5. e3 a6 6. Nbd2 Be7 7. Be2 O-O 8. O-O
b6 9. a3 Na5 10. b4 Nb7 11. Ne5 Bd7 12. Bd3 c5 13. c3 a5 14. bxc5 bxc5 15. Nxd7
Qxd7 16. Bc2 Bd6 17. Be5 Bxe5 18. dxe5 Ne8 19. Nf3 Qe7 20. Qd3 f5 21. c4 Nc7
22. Rfb1 Rfb8 23. Rb6 Nd8 24. Rab1 Rxb6 25. Rxb6 g6 26. Qb3 Kg7 27. Bd3 h6 28.
Qb2 Kh7 29. Qb1 Rc8 30. g3 dxc4 31. Bxc4 Nd5 32. Rb3 Rc7 33. Kg2 a4 34. Rd3 Rb7
35. Qd1 Nb6 36. Bb5 Nf7 37. Bxa4 Nc4 38. Qa1 Nb2 39. Rd7 Rxd7 40. Bxd7 Qxd7 41.
Qxb2 Qd5 42. Qb8 Ng5 43. Qc7+ Kg8 44. Qc8+ 1/2-1/2

[Event "Madrid ch Veteranos 2010-2011"]
[Site "Madrid ESP"]
[Date "2011.02.11"]
[Round "5.7"]
[White "Rodriguez Bachiller, Luis"]
[Black "Moragrega Herrero, Juan Jose"]
[Result "0-1"]
[WhiteElo "1801"]
[BlackElo "1970"]
[PlyCount "42"]
[EventDate "2011.02.07"]
[EventType "swiss"]
[EventRounds "9"]
[EventCountry "ESP"]
[Source "lmi"]
[SourceDate "2011.02.07"]

1. e4 e6 2. d3 d5 3. Nd2 f5 4. exf5 exf5 5. Qe2+ Be7 6. Ngf3 Nf6 7. Nd4 O-O 8.
Ne6 Bxe6 9. Qxe6+ Rf7 10. Nf3 Qd7 11. Qxd7 Nbxd7 12. Bf4 Bb4+ 13. c3 Re8+ 14.
Kd2 Ba5 15. h3 Bb6 16. Re1 Bxf2 17. Rxe8+ Nxe8 18. d4 Nef6 19. Bd3 Ne4+ 20. Ke2
Bg3 21. Bxe4 dxe4 0-1

[Event "Madrid ch Veteranos 2010-2011"]
[Site "Madrid ESP"]
[Date "2011.02.11"]
[Round "5.8"]
[White "Camarero Izquierdo, Juan Carlos"]
[Black "Gonzalo Gonzalez, Francisco"]
[Result "1-0"]
[WhiteElo "1939"]
[BlackElo "1728"]
[PlyCount "65"]
[EventDate "2011.02.07"]
[EventType "swiss"]
[EventRounds "9"]
[EventCountry "ESP"]
[Source "lmi"]
[SourceDate "2011.02.07"]

1. e4 c5 2. Nf3 Nc6 3. d4 cxd4 4. Nxd4 d6 5. Nc3 Qb6 6. Nb3 Nf6 7. Be3 Qd8 8.
Be2 g6 9. Qd2 Bg7 10. O-O-O Ng4 11. Bxg4 Bxg4 12. f3 Be6 13. g4 Ne5 14. Nd4 Nc4
15. Nxe6 fxe6 16. Qe2 Qc7 17. Bd4 Bh6+ 18. Kb1 O-O 19. h4 a6 20. g5 Bg7 21.
Bxg7 Kxg7 22. h5 Rac8 23. hxg6 hxg6 24. Rd3 Qb6 25. b3 Qb4 26. f4 Rh8 27. Rh6
Rxh6 28. gxh6+ Kh7 29. f5 gxf5 30. Qh5 Ne5 31. Rg3 Qd4 32. Qg5 Nc6 33. Qg6+ 1-0

[Event "Madrid ch Veteranos 2010-2011"]
[Site "Madrid ESP"]
[Date "2011.02.11"]
[Round "5.9"]
[White "De Paz Nistal, Santiago"]
[Black "Fuentes Arjona, Antonio"]
[Result "1/2-1/2"]
[WhiteElo "2025"]
[BlackElo "2006"]
[PlyCount "55"]
[EventDate "2011.02.07"]
[EventType "swiss"]
[EventRounds "9"]
[EventCountry "ESP"]
[Source "lmi"]
[SourceDate "2011.02.07"]

1. e4 c5 2. Nc3 Nc6 3. g3 g6 4. Bg2 Bg7 5. d3 e6 6. Be3 Nd4 7. Nge2 Nxe2 8.
Nxe2 Bxb2 9. Rb1 Bg7 10. Bxc5 d6 11. Bb4 Ne7 12. O-O Nc6 13. Bc3 O-O 14. Bxg7
Kxg7 15. c4 e5 16. d4 b6 17. f4 Bg4 18. Bf3 Qc8 19. Rc1 Bxf3 20. Rxf3 Qg4 21.
Kg2 Rfd8 22. h3 Qd7 23. fxe5 dxe5 24. d5 Na5 25. c5 bxc5 26. Rxc5 Nb7 27. Rc2
Nd6 28. Re3 1/2-1/2